Visualizzazione normale
Vista MARC
- Di Carlo Carlo
di Personal Name
Records bibliografici associati: 1
001 - CONTROL NUMBER
- control field: 52113
003 - CONTROL NUMBER IDENTIFIER
- control field: IT-RoPau
005 - DATE AND TIME OF LATEST TRANSACTION
- control field: 20151202211701.0
008 - FIXED-LENGTH DATA ELEMENTS
- fixed length control field: 151202|| aca||aabn | a|a d
040 ## - CATALOGING SOURCE
- Original cataloging agency: IT-RoPau
- Transcribing agency: IT-RoPau
100 ## - HEADING--PERSONAL NAME
- Personal name: Di Carlo Carlo
- Relator term: (soggetto)
- Miscellaneous information: Codice Soggetto SPICS: 7226
670 ## - SOURCE DATA FOUND
- Source citation: Work cat.: (IT-RoPau)107439: Di Carlo Carlo Codice regista SPICS: 7226 52109, INSEGUIMENTO E L'ASSASSINIO DEL PRIGIONIERO LUDWIG L. (L') INSEGUIMENTO E L'ASSASSINIO DEL PRIGIONIERO LUDWIG L. (L') (Rif. Codice opera principale : 21511)